[Event "Pereira Gildardo Garcia Memorial-A"]
[Site "Pereira"]
[Date "2022.05.22"]
[Round "9"]
[White "Malka, Samuel"]
[Black "Rivera, Alberto"]
[Result "1-0"]
[WhiteElo "2169"]
[BlackElo "2318"]
[PlyCount "79"]
[EventDate "2022.05.18"]
[EventType "swiss"]
[EventRounds "10"]
[EventCountry "COL"]
[SourceTitle "CBM 208 Extra"]
[Source "ChessBase"]
[SourceDate "2022.07.31"]
[SourceVersion "1"]
[SourceVersionDate "2022.07.31"]
[SourceQuality "1"]

1. d4 Nf6 2. c4 e6 3. g3 c5 4. d5 exd5 5. cxd5 d6 6. Nc3 g6 7. Nf3 Bg7 8. Bg2 0-0 9. 0-0 Re8 10. Re1 a6 11. a4 Nbd7 12. Bf4 Ng4 13. Bg5 Qb6 14. Qc2 c4 15. Rf1 h6 16. Bd2 Nc5 17. h3 Nf6 18. a5 Qc7 19. Be3 Bf5 20. Qd1 Rxe3 21. fxe3 Qe7 22. Nd2 Qxe3+ 23. Kh2 Re8 24. Nxc4 Qe7 25. Ra3 Nfe4 26. Nxe4 Bxe4 27. Bf3 f5 28. b4 Nd7 29. Bxe4 fxe4 30. Qd2 h5 31. Kg2 Rc8 32. Rc1 Rf8 33. Rf1 Rc8 34. Nb6 Nxb6 35. axb6 Qd8 36. Qf4 Qxb6 37. Qf7+ Kh8 38. Qxg6 Qxb4 39. Qxh5+ Kg8 40. Kg1 1-0

[Event "Pereira Gildardo Garcia Memorial-A"]
[Site "Pereira"]
[Date "2022.05.21"]
[Round "7"]
[White "Heredia Serrano, Carla Sofia"]
[Black "Rivera, Alberto"]
[Result "1/2-1/2"]
[WhiteElo "2083"]
[BlackElo "2318"]
[PlyCount "50"]
[EventDate "2022.05.18"]
[EventType "swiss"]
[EventRounds "10"]
[EventCountry "COL"]
[SourceTitle "CBM 208 Extra"]
[Source "ChessBase"]
[SourceDate "2022.07.31"]
[SourceVersion "1"]
[SourceVersionDate "2022.07.31"]
[SourceQuality "1"]

1. e4 c5 2. Nf3 d6 3. Bb5+ Bd7 4. Bxd7+ Qxd7 5. 0-0 Nc6 6. c3 Nf6 7. d4 cxd4 8. cxd4 d5 9. e5 Ng8 10. Nc3 e6 11. a3 Nge7 12. b4 Nc8 13. Be3 Nb6 14. Nd2 Be7 15. Qg4 Kf8 16. Ne2 h5 17. Qh3 Kg8 18. f4 g6 19. Rf3 Bf8 20. f5 exf5 21. Raf1 Nd8 22. Ng3 f4 23. Qxd7 Nxd7 24. Bxf4 Ne6 25. Be3 Rh7 1/2-1/2

[Event "Pereira Gildardo Garcia Memorial-A"]
[Site "Pereira"]
[Date "2022.05.19"]
[Round "4"]
[White "Rivera, Alberto"]
[Black "Nieto Medina, Agustin"]
[Result "0-1"]
[WhiteElo "2318"]
[BlackElo "2119"]
[PlyCount "164"]
[EventDate "2022.05.18"]
[EventType "swiss"]
[EventRounds "10"]
[EventCountry "COL"]
[SourceTitle "CBM 208 Extra"]
[Source "ChessBase"]
[SourceDate "2022.07.31"]
[SourceVersion "1"]
[SourceVersionDate "2022.07.31"]
[SourceQuality "1"]

1. d4 d5 2. Nf3 Nf6 3. c4 c6 4. Nc3 e6 5. Qa4 dxc4 6. Qxc4 b5 7. Qb3 Bb7 8. Bg5 Be7 9. e3 0-0 10. Be2 a6 11. a4 Nbd7 12. 0-0 b4 13. Rfd1 c5 14. dxc5 Bxf3 15. Bxf3 bxc3 16. Bxa8 Nxc5 17. Qa3 Qxa8 18. Bxf6 gxf6 19. Qxc3 Rd8 20. Rxd8+ Qxd8 21. b4 Nxa4 22. Qa3 Nb6 23. Qxa6 Bxb4 24. g3 f5 25. Qb7 Bf8 26. Ra7 Qd1+ 27. Kg2 Qd5+ 28. Qxd5 Nxd5 29. h3 Kg7 30. Rb7 h5 31. h4 Bc5 32. Rb5 Bd6 33. Ra5 Nf6 34. Ra6 Bf8 35. Ra4 Ng4 36. Kf3 Kf6 37. Ke2 Bh6 38. Ra6 Kg6 39. Rb6 Nf6 40. Ra6 Ne4 41. Rc6 Bg7 42. Ra6 Be5 43. Kf3 Bd6 44. Rc6 Bb4 45. Ke2 Nf6 46. Rc4 Bf8 47. Rc8 Kg7 48. Kf3 Ng4 49. Ke2 Be7 50. Rc7 Bf6 51. Rc4 Ne5 52. Ra4 Ng6 53. Ra5 e5 54. Rb5 Nf8 55. f4 exf4 56. exf4 Kg6 57. Rd5 Ne6 58. Ke3 Be7 59. Kf3 Nc5 60. Re5 Kf6 61. Rd5 Ne4 62. Ra5 Bb4 63. Ra6+ Kg7 64. Ra1 Bc5 65. Ra2 Bb4 66. Ra1 Bc3 67. Rc1 Kf6 68. Rd1 Ke6 69. Kg2 Bd2 70. Ra1 Kd5 71. Kf3 Bc3 72. Rd1+ Nd2+ 73. Ke3 Kc4 74. Rxd2 Bxd2+ 75. Kxd2 Kd4 76. Ke2 Ke4 77. Kf2 Kd3 78. Kf3 Kd2 79. Kf2 f6 80. Kg1 Ke1 81. Kg2 Ke2 82. Kh3 Kf1 0-1

[Event "Pereira Gildardo Garcia Memorial-A"]
[Site "Pereira"]
[Date "2022.05.18"]
[Round "2"]
[White "Rivera, Alberto"]
[Black "Mateus, Martha"]
[Result "1-0"]
[WhiteElo "2318"]
[BlackElo "2039"]
[PlyCount "105"]
[EventDate "2022.05.18"]
[EventType "swiss"]
[EventRounds "10"]
[EventCountry "COL"]
[SourceTitle "CBM 208 Extra"]
[Source "ChessBase"]
[SourceDate "2022.07.31"]
[SourceVersion "1"]
[SourceVersionDate "2022.07.31"]
[SourceQuality "1"]

1. d4 d5 2. Nf3 Nf6 3. c4 e6 4. Nc3 c5 5. cxd5 exd5 6. g3 Nc6 7. Bg2 Be7 8. 0-0 0-0 9. dxc5 Bxc5 10. Na4 Be7 11. Be3 Ne4 12. Rc1 Bf6 13. Nd4 Ne5 14. f3 Nd6 15. Bf2 Re8 16. b3 Ng6 17. Re1 Nf5 18. Qd2 Nxd4 19. Bxd4 Be6 20. e3 b6 21. Nc3 Be7 22. Nb5 Bd6 23. Bb2 a6 24. Nxd6 Qxd6 25. Red1 Rad8 26. Qc3 f6 27. Qc7 Rd7 28. Qxd6 Rxd6 29. Bf1 b5 30. Kf2 Red8 31. Rd2 Ne5 32. h3 Rc6 33. Rcd1 Rdc8 34. f4 Nf7 35. Ba3 Rc2 36. g4 g6 37. Bd3 Rxd2+ 38. Rxd2 Nh6 39. Be2 Kf7 40. Bf3 a5 41. Ke2 b4 42. Bb2 Rc5 43. Bd4 Rb5 44. Rc2 Ng8 45. Rc7+ Ke8 46. Rxh7 Bd7 47. Rg7 Be6 48. Ra7 f5 49. Kd2 fxg4 50. hxg4 Nh6 51. Be2 Rb8 52. Be5 Rc8 53. Bb5+ 1-0

[Event "Bogota Excalibur op"]
[Site "Bogota"]
[Date "2022.03.18"]
[Round "1"]
[White "Rivera, Alberto"]
[Black "Suarez, Nelson Ricardo"]
[Result "1-0"]
[WhiteElo "2322"]
[BlackElo "1635"]
[PlyCount "50"]
[EventDate "2022.03.18"]
[EventType "swiss"]
[EventRounds "7"]
[EventCountry "COL"]
[SourceTitle "CBM 207 Extra"]
[Source "ChessBase"]
[SourceDate "2022.05.31"]
[SourceVersion "1"]
[SourceVersionDate "2022.05.31"]
[SourceQuality "1"]

1. d4 Nf6 2. Nf3 g6 3. c4 Bg7 4. Nc3 d5 5. Bf4 0-0 6. e3 c5 7. dxc5 Qa5 8. Rc1 dxc4 9. Bxc4 Ne4 10. Be5 Nc6 11. Bxg7 Kxg7 12. a3 Nxc3 13. Rxc3 Bg4 14. Be2 Rfd8 15. Qc1 Bxf3 16. gxf3 Rd7 17. b4 Qd8 18. 0-0 e5 19. Rd1 Qg5+ 20. Kh1 Rad8 21. Rcd3 Rxd3 22. Rxd3 Rxd3 23. Bxd3 a6 24. Qc4 Qf6 25. Be4 g5 1-0

[Event "Medellin Flores op 25th"]
[Site "Medellin"]
[Date "2018.08.06"]
[Round "7"]
[White "Rivera, Alberto"]
[Black "Rios, Cristhian Camilo"]
[Result "1/2-1/2"]
[WhiteElo "2325"]
[BlackElo "2463"]
[PlyCount "74"]
[EventDate "2018.08.03"]
[EventType "swiss"]
[EventRounds "9"]
[EventCountry "COL"]
[SourceTitle "CBM 185 Extra"]
[Source "ChessBase"]
[SourceDate "2018.07.29"]
[SourceVersion "1"]
[SourceVersionDate "2018.07.29"]
[SourceQuality "1"]

1. Nf3 Nf6 2. c4 e6 3. Nc3 c5 4. g3 b6 5. Bg2 Bb7 6. 0-0 Be7 7. b3 0-0 8. Bb2 d6 9. d4 cxd4 10. Nxd4 Bxg2 11. Kxg2 Qc8 12. e4 Nbd7 13. Qe2 Qb7 14. Rfd1 a6 15. f3 Rfe8 16. Rac1 Bf8 17. Rc2 Rac8 18. Rcd2 Ne5 19. Nc2 h6 20. Ne3 Nfd7 21. Kg1 Nc5 22. b4 Ncd7 23. f4 Ng6 24. e5 Ndxe5 25. fxe5 Nxe5 26. Rf1 d5 27. cxd5 Bxb4 28. dxe6 Rxe6 29. Ncd5 Bxd2 30. Qxd2 Nc4 31. Nxc4 Rxc4 32. Nf4 Re8 33. Bxg7 Qc6 34. Ba1 Qc5+ 35. Kh1 Qc6+ 36. Kg1 Qc5+ 37. Kh1 Qc6+ 1/2-1/2

[Event "Medellin Antioquia Cup"]
[Site "Medellin"]
[Date "2016.10.14"]
[Round "4"]
[White "Arenas Vanegas, David"]
[Black "Rivera, Alberto"]
[Result "1-0"]
[WhiteElo "2475"]
[BlackElo "2348"]
[PlyCount "67"]
[EventDate "2016.10.12"]
[EventType "swiss"]
[EventRounds "8"]
[EventCountry "COL"]
[SourceTitle "CBM 175 Extra"]
[Source "ChessBase"]
[SourceDate "2016.12.12"]
[SourceVersion "1"]
[SourceVersionDate "2016.12.12"]
[SourceQuality "1"]

1. e4 e5 2. Nf3 Nc6 3. Bb5 a6 4. Ba4 Nf6 5. 0-0 Be7 6. Re1 b5 7. Bb3 d6 8. c3 0-0 9. d4 Bg4 10. d5 Na5 11. Bc2 c6 12. h3 Bc8 13. dxc6 Qc7 14. Nbd2 Qxc6 15. Nf1 Nc4 16. a4 h6 17. Ng3 Be6 18. Nh4 Rfd8 19. Qf3 Qe8 20. Nhf5 Qf8 21. a5 d5 22. Nxe7+ Qxe7 23. exd5 Bxd5 24. Nf5 Qf8 25. Qg3 Kh8 26. b3 Nd6 27. Ba3 Nxf5 28. Bxf5 Qe8 29. Rxe5 Qc6 30. Be7 Bxb3 31. Bxd8 Rxd8 32. Rae1 g6 33. Be4 Qc7 34. Bxg6 1-0

[Event "Medellin Flores op 23rd"]
[Site "Medellin"]
[Date "2016.08.07"]
[Round "8"]
[White "Rivera, Alberto"]
[Black "Lora, Joel Fernando"]
[Result "1-0"]
[WhiteElo "2342"]
[BlackElo "2228"]
[PlyCount "123"]
[EventDate "2016.08.03"]
[EventType "swiss"]
[EventRounds "9"]
[EventCountry "COL"]
[SourceTitle "CBM 173 Extra"]
[Source "ChessBase"]
[SourceDate "2016.08.29"]
[SourceVersion "1"]
[SourceVersionDate "2016.08.29"]
[SourceQuality "1"]

1. d4 Nf6 2. c4 e6 3. Nf3 b6 4. a3 Be7 5. Nc3 Bb7 6. d5 0-0 7. g3 exd5 8. cxd5 b5 9. Bg2 b4 10. axb4 Bxb4 11. Nh4 Re8 12. 0-0 a5 13. Re1 Ba6 14. e4 d6 15. Nf5 Nbd7 16. f3 Nc5 17. Bf1 Qc8 18. Be3 Nfd7 19. Bd4 f6 20. Bxa6 Qxa6 21. f4 g6 22. Qg4 Qc8 23. Rad1 Bxc3 24. bxc3 Nxe4 25. Re3 Ndc5 26. Nh6+ Kf8 27. Qh4 Qd8 28. Ng4 h5 29. Nxf6 Nxf6 30. Bxf6 Qd7 31. Qg5 Kf7 32. Bd4 Qf5 33. Qh6 Rxe3 34. Bxe3 Nb3 35. Qh7+ Kf6 36. Qxc7 Rc8 37. Qxd6+ Kf7 38. Bf2 Rxc3 39. Re1 Rc8 40. Re7+ Kg8 41. Re6 Nd2 42. Rxg6+ Kf7 43. Qe6+ Qxe6 44. Rxe6 Rd8 45. Ra6 Rxd5 46. Kg2 Kg7 47. h3 Nc4 48. g4 Rd3 49. f5 hxg4 50. hxg4 Ne5 51. Bg3 Rd2+ 52. Kh3 Rd3 53. g5 Nf3 54. Kg4 a4 55. Rxa4 Kf7 56. Ra7+ Kg8 57. g6 Nd4 58. f6 Nc6 59. Ra8+ Rd8 60. f7+ Kg7 61. Rxd8 Nxd8 62. Be5+ 1-0

[Event "Medellin Flores op 23rd"]
[Site "Medellin"]
[Date "2016.08.04"]
[Round "2"]
[White "Rivera, Alberto"]
[Black "Cardona, Jeyson"]
[Result "1-0"]
[WhiteElo "2342"]
[BlackElo "2100"]
[PlyCount "81"]
[EventDate "2016.08.03"]
[EventType "swiss"]
[EventRounds "9"]
[EventCountry "COL"]
[SourceTitle "CBM 173 Extra"]
[Source "ChessBase"]
[SourceDate "2016.08.29"]
[SourceVersion "1"]
[SourceVersionDate "2016.08.29"]
[SourceQuality "1"]

1. d4 d5 2. c4 c6 3. Nf3 Nf6 4. Qc2 e6 5. Bg5 Nbd7 6. e3 Bd6 7. Nc3 0-0 8. Bd3 h6 9. Bh4 dxc4 10. Bxc4 b5 11. Be2 Bb7 12. 0-0 b4 13. Na4 Qa5 14. Rfc1 Rac8 15. Nc5 Bxc5 16. dxc5 Ba6 17. Bxa6 Qxa6 18. Bg3 Rfd8 19. Bd6 Nf8 20. a3 bxa3 21. Rxa3 Qb7 22. Rca1 Ra8 23. Rb3 Qc8 24. Ne5 Ne8 25. Nc4 Nc7 26. Be7 Rd5 27. e4 Rd4 28. Nd6 Qd7 29. Bxf8 Kxf8 30. Rb7 a6 31. Qc3 Rxd6 32. cxd6 Qxd6 33. Rc1 Rd8 34. g3 Nb5 35. Qxc6 Qd2 36. Qc2 Qg5 37. Qc5+ Qxc5 38. Rxc5 Rd1+ 39. Kg2 g5 40. h3 Rd2 41. Rc6 1-0

[Event "Bogota University op 9th"]
[Site "Bogota"]
[Date "2015.10.12"]
[Round "9"]
[White "Rivera, Alberto"]
[Black "Hernandez, Cristian Andres"]
[Result "1/2-1/2"]
[WhiteElo "2344"]
[BlackElo "2258"]
[PlyCount "70"]
[EventDate "2015.10.08"]
[EventType "swiss"]
[EventRounds "9"]
[EventCountry "COL"]
[SourceTitle "CBM 168 Extra"]
[Source "ChessBase"]
[SourceDate "2015.10.29"]
[SourceVersion "1"]
[SourceVersionDate "2015.10.29"]
[SourceQuality "1"]

1. e4 c5 2. Nf3 d6 3. Bb5+ Nc6 4. Bxc6+ bxc6 5. 0-0 e5 6. Re1 Nf6 7. c3 Be7 8. d4 cxd4 9. cxd4 Qc7 10. h3 h6 11. Nc3 0-0 12. Be3 Re8 13. Rc1 Qb8 14. Qc2 exd4 15. Nxd4 Bd7 16. Rcd1 Bd8 17. Bf4 Bc7 18. Bh2 a5 19. b3 Qb4 20. Qd3 Rad8 21. Nc2 Qb8 22. Re3 Bc8 23. Nd4 Qa8 24. Qc2 Bb6 25. Na4 Bxd4 26. Rxd4 d5 27. Bc7 Rd7 28. Nb6 Qa7 29. Nxd7 Nxd7 30. exd5 Rxe3 31. fxe3 Qxc7 32. Qxc6 Qd8 33. Rc4 Nb6 34. Rc5 Qg5 35. Rc4 Qd8 1/2-1/2

[Event "Medellin Flores op 22nd"]
[Site "Medellin"]
[Date "2015.08.09"]
[Round "8"]
[White "Castaneda Jimenez, Jhon David"]
[Black "Rivera, Alberto"]
[Result "0-1"]
[WhiteElo "2211"]
[BlackElo "2339"]
[PlyCount "96"]
[EventDate "2015.08.05"]
[EventType "swiss"]
[EventRounds "9"]
[EventCountry "COL"]
[SourceTitle "EXT 2016"]
[Source "ChessBase"]
[SourceDate "2015.10.08"]
[SourceVersion "1"]
[SourceVersionDate "2015.10.08"]
[SourceQuality "1"]

1. d4 d5 2. Nf3 Nf6 3. c4 dxc4 4. e3 e6 5. Bxc4 c5 6. 0-0 a6 7. Bb3 Nbd7 8. Qe2 b5 9. e4 Bb7 10. e5 Nd5 11. Nc3 N7b6 12. Ne4 c4 13. Bg5 Qd7 14. Bc2 h6 15. Bd2 Rc8 16. a3 Be7 17. Qe1 Qc6 18. Qe2 Nd7 19. h4 Qb6 20. Rfd1 Bc6 21. h5 Nf8 22. Nh2 Nh7 23. Bc1 Ng5 24. Ng3 Kd7 25. f4 Nh7 26. Kh1 Kc7 27. Be4 Kb7 28. Qg4 Rcg8 29. f5 Nc7 30. Be3 Bxe4 31. Nxe4 Nd5 32. Bf2 Ng5 33. Nf3 exf5 34. Qxf5 Qe6 35. Ng3 g6 36. Qxe6 fxe6 37. Nd2 Rf8 38. Kg1 Rhg8 39. Nde4 Nxe4 40. Nxe4 gxh5 41. Rd2 Rg4 42. Re1 Nf4 43. g3 Nd3 44. Re3 h4 45. Kg2 h5 46. Ree2 Nf4+ 47. Kh2 Nxe2 48. Rxe2 Rxe4 0-1

[Event "Bogota Distrital-ch 77th"]
[Site "Bogota"]
[Date "2015.04.30"]
[Round "1"]
[White "Rivera, Alberto"]
[Black "Dominguez Rincon, Miller Duvan"]
[Result "1-0"]
[WhiteElo "2345"]
[BlackElo "2105"]
[PlyCount "73"]
[EventDate "2015.04.30"]
[EventType "swiss"]
[EventRounds "7"]
[EventCountry "COL"]
[SourceTitle "CBM 166 Extra"]
[Source "ChessBase"]
[SourceDate "2015.06.18"]
[SourceVersion "1"]
[SourceVersionDate "2015.06.18"]
[SourceQuality "1"]

1. d4 d5 2. c4 e6 3. Nc3 Nf6 4. Bg5 c6 5. e3 Nbd7 6. Nf3 Be7 7. Bd3 dxc4 8. Bxc4 b5 9. Bd3 a6 10. a4 Bb7 11. 0-0 0-0 12. Qe2 b4 13. Bxf6 gxf6 14. Ne4 f5 15. Ned2 c5 16. d5 Bxd5 17. Bxa6 Bf6 18. Rab1 Kh8 19. Bb5 Rg8 20. g3 Nb6 21. b3 Bb7 22. e4 fxe4 23. Nxe4 Nd5 24. Rfd1 Qe7 25. Rbc1 Bc3 26. Kf1 f5 27. Nxc3 Nxc3 28. Rxc3 bxc3 29. Rd7 Qf6 30. Rxb7 Rad8 31. Rc7 Rd5 32. Bc4 Qd8 33. Rc6 Rd1+ 34. Kg2 Rg6 35. Rxc5 Rd6 36. Qe5+ Kg8 37. Qxc3 1-0

[Event "Bogota Navidad op"]
[Site "Bogota"]
[Date "2014.12.06"]
[Round "5"]
[White "Rivera, Alberto"]
[Black "Gonzalez Vidal, Yuri"]
[Result "1/2-1/2"]
[WhiteElo "2324"]
[BlackElo "2560"]
[PlyCount "45"]
[EventDate "2014.12.04"]
[EventType "swiss"]
[EventRounds "9"]
[EventCountry "COL"]
[SourceTitle "CBM 163 Extra"]
[Source "ChessBase"]
[SourceDate "2014.12.23"]
[SourceVersion "1"]
[SourceVersionDate "2014.12.23"]
[SourceQuality "1"]

1. d4 Nf6 2. c4 e6 3. Nf3 b6 4. a3 Ba6 5. Qa4 Bb7 6. Nc3 Be7 7. Bg5 0-0 8. e3 c5 9. dxc5 bxc5 10. Be2 d6 11. 0-0 Nbd7 12. Rfd1 Qb6 13. Qc2 Rfd8 14. Rab1 a6 15. h3 Nf8 16. Nd2 h6 17. Bxf6 Bxf6 18. Bf3 Bxf3 19. Nxf3 Rab8 20. Ne4 Be7 21. b4 cxb4 22. axb4 Qc7 23. Qa2 1/2-1/2